Fundaciones
ISBN:
84-340-1204-9
Descripción Física:
698 p. ; 20 cm
Colección:
Textos legales ; 91
Materias:
Fundacions (Dret) -- Espanya
MARC
| LEADER | 00000nam a2200000Ia 4500 | ||
|---|---|---|---|
| 001 | 21519 | ||
| 008 | 160829s2000 xx 000 0 cat d | ||
| 020 | |a 84-340-1204-9 | ||
| 080 | |a D-4-35 | ||
| 245 | |a Fundaciones | ||
| 250 | |a 2a ed. | ||
| 260 | |a Madrid : |b Ministerio de la Presidencia. Boletín Oficial del Estado, |c 2000 | ||
| 300 | |a 698 p. ; |c 20 cm | ||
| 490 | |a Textos legales ; 91 | ||
| 650 | |a Fundacions (Dret) |x Espanya |9 23398 | ||
| 710 | 1 | |a Boletín Oficial del Estado (BOE) (Espanya) |9 54801 | |
| 901 | |a Arxiu | ||
| 942 | |n 1 | ||
| 952 | |0 1 |1 0 |2 udc |4 0 |5 2 |6 D435 |7 1 |9 52241 |a Arxiu |b Arxiu |d 2016-12-01 |l 0 |o D-4-35 |p 21519 |r 2016-12-01 00:00:00 |w 2016-12-01 |y ARXIU | ||
| 999 | |c 56089 |d 56089 | ||